Southville International School and Colleges
Your cart is empty.
  • Cart
  • Lists
    Public lists Eva Luna New books Lux_list list_1
    Your lists Log in to create your own lists
  • Log in to your account
  • Your cookies
  • Search history
Southville International School and Colleges
  • Advanced search
  • Recent comments
  • Most popular
  • Libraries

Log in to your account

Log in with GOOGLE


If you do not have an external account, but do have a local account, you can still log in:

  1. Home
  2. MARC view: Volleyball :
Normal view MARC view ISBD view

Volleyball : (Record no. 9293)

[ view plain ]
MARC details
000 -LEADER
fixed length control field 01146cam a22003254a 4500
001 - CONTROL NUMBER
control field 13401226
003 - CONTROL NUMBER IDENTIFIER
control field OSt
005 - DATE AND TIME OF LATEST TRANSACTION
control field 20140310182106.0
008 - FIXED-LENGTH DATA ELEMENTS--GENERAL INFORMATION
fixed length control field 031112s2005 nyua j b 001 0 eng
010 ## - LIBRARY OF CONGRESS CONTROL NUMBER
LC control number 2003024887
020 ## - INTERNATIONAL STANDARD BOOK NUMBER
International Standard Book Number 1404201858 (library binding)
040 ## - CATALOGING SOURCE
Original cataloging agency DLC
Transcribing agency DLC
Modifying agency DLC
042 ## - AUTHENTICATION CODE
Authentication code pcc
-- lcac
050 00 - LIBRARY OF CONGRESS CALL NUMBER
Classification number GV 1015.34
Item number .G53 2005
082 00 - DEWEY DECIMAL CLASSIFICATION NUMBER
Classification number HS 796.325
Item number G36 2005
100 1# - MAIN ENTRY--PERSONAL NAME
Personal name Giddens, Sandra.
9 (RLIN) 13113
245 10 - TITLE STATEMENT
Title Volleyball :
Remainder of title rules, tips, strategy, and safety /
Statement of responsibility, etc Sandra Giddens and Owen Giddens
250 ## - EDITION STATEMENT
Edition statement 1st ed.
260 ## - PUBLICATION, DISTRIBUTION, ETC. (IMPRINT)
Place of publication, distribution, etc New York :
Name of publisher, distributor, etc Rosen Central,
Date of publication, distribution, etc c2005.
300 ## - PHYSICAL DESCRIPTION
Extent 48 p. :
Other physical details ill. (chiefly col.) ;
Dimensions 26 cm.
440 #0 - SERIES STATEMENT/ADDED ENTRY--TITLE
Title Sports from coast to coast
9 (RLIN) 13082
650 #0 - SUBJECT ADDED ENTRY--TOPICAL TERM
Topical term or geographic name as entry element Volleyball
Form subdivision Juvenile literature.
9 (RLIN) 13114
650 #1 - SUBJECT ADDED ENTRY--TOPICAL TERM
Topical term or geographic name as entry element Volleyball.
9 (RLIN) 13115
700 1# - ADDED ENTRY--PERSONAL NAME
Personal name Giddens, Owen.
9 (RLIN) 13116
856 41 - ELECTRONIC LOCATION AND ACCESS
Materials specified Table of contents
Uniform Resource Identifier <a href="http://www.loc.gov/catdir/toc/ecip0412/2003024887.html">http://www.loc.gov/catdir/toc/ecip0412/2003024887.html</a>
906 ## - LOCAL DATA ELEMENT F, LDF (RLIN)
a 7
b cbc
c orignew
d 1
e ecip
f 20
g y-gencatlg
942 ## - ADDED ENTRY ELEMENTS (KOHA)
Source of classification or shelving scheme Library of Congress Classification
Koha item type
Holdings
Withdrawn status Lost status Source of classification or shelving scheme Damaged status Home library Current library Shelving location Date acquired Total Checkouts Full call number Barcode Date last seen Date checked out Copy number Price effective from Koha item type
    Library of Congress Classification   Luxembourg Library Luxembourg Library High School Section 08/24/2013 1 GV 1015.34 .G53 2005 17236 06/19/2019 10/07/2014 1 08/24/2013 Books

Volleyball :

APA

Giddens S., Giddens O., . (2005). Volleyball. New York: Rosen Central.

Chicago

Giddens Sandra, Giddens Owen, . 2005. Volleyball. New York: Rosen Central.

Harvard

Giddens S., Giddens O., . (2005). Volleyball. New York: Rosen Central.

MLA

Giddens Sandra, Giddens Owen, . Volleyball. New York: Rosen Central. 2005.

  • Place hold
  • Print
  • Cite
  • Add to your cart (remove)
  • Save record
    BIBTEX Dublin Core MARCXML MARC (non-Unicode/MARC-8) MARC (Unicode/UTF-8) MARC (Unicode/UTF-8, Standard) MODS (XML) RIS
  • More searches
    Search for this title in:
    Other Libraries (WorldCat) Other Databases (Google Scholar) Online Stores (Bookfinder.com) Open Library (openlibrary.org)

Exporting to Dublin Core...

SOUTHVILLE LIBRARY

Southville International School and Colleges Library

1281 Tropical Ave. Cor. Luxembourg St., BF Homes International, Las Pinas City

Tel. No. 8256374 / 252358 Loc. 117/146

Powered by Koha